000 00250nam a2200097Ia 4500
001 1029651
005 20250826231432.0
008 250824s9999 xx 000 0 und d
245 0 _aSALYANGOZ AVCILARI
_cFEYZA KARTOPU
260 _bCEZVE KİTAP YAYINLARI
999 _c1029651
_d1029651